Statistics for Under The Sea Lyrics - The Little Mermaid

Click here to take the quiz!

General Stats

  • This quiz has been taken 222 times
    (219 since last reset)
  • The average score is 288 of 394

Answer Stats

Lyric% Correct
sea
99%
sea)
99%
The
98%
the
98%
(Under
98%
Under
98%
under
98%
a
94%
A
94%
do
94%
be
92%
it
92%
Down
91%
we
91%
We
91%
beat
89%
is
88%
better
87%
in
87%
In
87%
me)
87%
me
87%
on
87%
where
87%
it's
86%
It's
86%
(It's
86%
wetter
86%
from
85%
he
85%
they
85%
They
85%
Up
85%
up
85%
hear
84%
here
84%
Take
84%
you
84%
You
84%
ocean
83%
there
83%
What
83%
what
83%
all
82%
day
82%
fish
82%
look
81%
always
80%
at
80%
away
80%
But
80%
that
80%
floor
79%
for?
79%
for
79%
greener
78%
seaweed
78%
around
77%
going
77%
slave
77%
about
76%
more
76%
'n'
76%
sun
76%
work
76%
world
76%
Darling
75%
dream
75%
else's
75%
lake
75%
land
75%
lookin'
75%
somebody
75%
big
74%
Just
74%
Right
74%
shore
74%
When
74%
when
74%
happy
73%
mistake
73%
things
72%
to
72%
out
70%
Out
70%
wonderful
70%
ain't
69%
plate?
69%
an'
68%
An'
68%
One
68%
Such
68%
bowl
67%
get
66%
of
66%
fate
65%
surround
65%
hungry
64%
no
64%
and
62%
And
62%
boss
62%
floatin'
62%
gon'
62%
luck
62%
lucky
62%
worser
62%
Guess
61%
time
61%
play
60%
'cause
59%
got?
59%
got
59%
life
59%
Life
59%
sad
59%
While
58%
off
56%
who's
55%
bass
54%
bubbles
53%
Full
53%
devotin'
52%
hot
52%
waves
52%
us
51%
As
50%
sand
50%
hook
49%
eat
48%
flute
48%
know
47%
Know
47%
band
46%
blow
46%
harp
46%
roll
46%
water
46%
cook
45%
oh
45%
their
45%
lot
44%
troubles
44%
blowfish
43%
Fry
43%
soul
43%
carp
41%
folks
41%
ray
41%
why
41%
(Yeah)
41%
Yeah
41%
duke
40%
muck
40%
Nobody
40%
brass
39%
can
39%
hotter
38%
she
38%
spirit
38%
crustacean
37%
music
37%
Naturally
37%
(Naturally)
37%
sharp
37%
start
36%
through
36%
Even
34%
how
34%
sings
33%
soundin'
33%
sweet
33%
fluke
32%
little
32%
strings
32%
urge
32%
blackfish
31%
That's
31%
fricassee
30%
Each
29%
loves
29%
newt
29%
snail
29%
sturgeon
29%
clam
28%
wail
27%
jam
25%
Since
25%
tub
25%
Cuttin'
24%
rockin'
24%
rug
24%
sardine
24%
slug
24%
chub
23%
sprat
23%
Begin
22%
lings
22%
trout
22%
plaice
20%
smelt
20%
beguine
19%
Ya
19%

Score Distribution

Percentile by Number Answered

Percent of People with Each Score

Your Score History

You have not taken this quiz since the last reset